'The' End Quiz Stats

 Plays Quiz Updated Apr 4, 2014

Challenge
Share
Tweet
Embed
Score 0/18 Timer 03:00
3 Plays Today
Clue Word % Correct
Inhale and exhaleBreathe
99%
Put garments onClothe
72.2%
Expose the body to get a tanSunbathe
51.7%
Implement for cutting grassScythe
50.7%
Machine used for shaping wood etcLathe
49.3%
Feel extreme disgust atLoathe
48.2%
Tax to the amount of a tenthTithe
45.1%
Calm or placate someoneSoothe
45%
Enclose or cover in a scabbardSheathe
44.4%
Clue Word % Correct
Twist or contort the bodyWrithe
38.4%
Easily bent or flexibleLithe
38%
Strong anise-flavoured spiritAbsinthe
37.3%
Joyous or cheerfulBlithe
15.5%
Criticize or denounce severelyScathe
14.6%
Bind with bandagesSwathe
14%
Mythical River of Hades Lethe
9.2%
Be violently excited or agitatedSeethe
7.7%
Gilbert and Sullivan comic operaIolanthe
5.4%

You're not logged in!

Compare scores with friends on all Sporcle quizzes.
OR
Log In

You Might Also Like...

Show Comments

Extras

Top Quizzes Today


Score Distribution

Your Account Isn't Verified!

In order to create a playlist on Sporcle, you need to verify the email address you used during registration. Go to your Sporcle Settings to finish the process.

Report this User

Report this user for behavior that violates our Community Guidelines.

Details: